La industria / (Registro nro. 30492)

Detalles MARC
000 -LÍDER
campo de control de longitud fija 02030nam a22002657a 4500
005 - FECHA Y HORA DE LA ÚLTIMA
campo de control 20231220205137.0
008 - ELEMENTOS DE DATOS DE LONGITUD FIJA - INFORMACIÓN GENERAL
campo de control de longitud fija 231220b |||||||| |||| 00| 0 eng d
020 ## - NÚMERO INTERNACIONAL NORMALIZADO DEL LIBRO
Número de libro estándar internacional 9789589136904
037 ## - FUENTE DE ADQUISICIÓN
Materials specified Donación
040 ## - FUENTE DE CATALOGACIÓN
Agencia de catalogación original CO-JMCR
Agencia de transcripción CO-JMCR
Agencia modificadora CO-JMCR
Convenciones de descripción rda
041 ## - CÓDIGO DE IDIOMA
Código de idioma del texto/pista de sonido o título independiente spa
082 ## - NÚMERO DE CLASIFICACIÓN DECIMAL DEWEY
Número de edición 23
Número de clasificación 338.98
Número de artículo V15i
100 ## - ENTRADA PRINCIPAL - NOMBRE PERSONAL
Nombre personal Valencia, Mario Alejandro
Término relativo autor
9 (RLIN) 43138
245 ## - DECLARACIÓN DEL TÍTULO
Título La industria /
Declaración de responsabilidad, etc. Mario Alejandro Valencia
260 ## - PUBLICACIÓN, DISTRIBUCIÓN, ETC.
Lugar de publicación, distribución, etc. Bogotá:
Nombre del editor, distribuidor, etc. Ediciones Aurora,
Fecha de publicación, distribución, etc. 2016
300 ## - DESCRIPCIÓN FÍSICA
Medida 145 páginas;
Dimensiones 21 cm
505 ## - NOTA DE CONTENIDO FORMATEADO
Nota de contenido formateada Historia General
505 ## - NOTA DE CONTENIDO FORMATEADO
Nota de contenido formateada Estado o mercado
505 ## - NOTA DE CONTENIDO FORMATEADO
Nota de contenido formateada Desventajas del TLC con estados unidos
520 ## - RESUMEN, ETC.
Resumen, etc Este libro escrito por el economista Mario Valencia, establece con precisión las causas del atraso industrial de Colombia en relación con los procesos adelantados por los países más desarrollados.<br/><br/>El texto inicia haciendo un recuento histórico de la forma como se adelantó la industrialización en los países que la lograron y del modelo económico en el que se apoyaron. El autor destaca: "los países más exitosos en este proceso fueron los que contaron con políticas industriales orientadas por el Estado y que intervinieron en aspectos que el mercado no es capaz de solucionar.<br/><br/>Para el caso colombiano afirma: "se puede mostrar, que cuando se abandonaron las políticas públicas industriales, el país inició un proceso de desindustrialización que aún no se detiene, pero que ha significado una pérdida importante de la capacidad productiva de la nación".<br/><br/>Valencia asegura que para lograr un viraje real de la situación de deterioro, el país debe replantearse el modelo económico adoptado en las dos últimas décadas. Señala los perjuicios que los TLC han causado a la industria -en particular el firmado cor los Estados Unidos- y la necesidad de renegociarlos.
650 ## - ENTRADA AÑADIDA DE ASUNTO - TÉRMINO TEMÁTICO
Fuente del encabezado o término JMCR
-- Desarrollo industrial
9 (RLIN) 40735
650 ## - ENTRADA AÑADIDA DE ASUNTO - TÉRMINO TEMÁTICO
Fuente del encabezado o término JMCR
-- Modelo económico colombiano
9 (RLIN) 43139
650 ## - ENTRADA AÑADIDA DE ASUNTO - TÉRMINO TEMÁTICO
Fuente del encabezado o término JMCR
-- Tratados de libre comercio (TLC)
9 (RLIN) 43140
942 ## - ELEMENTOS DE ENTRADA AÑADIDOS (KOHA)
Source of classification or shelving scheme Dewey Decimal Classification
Tipo de artículo Koha Books
999 ## -
-- 30492
-- 16876
Existencias
Estado retirado